Beyond Greed and Fear / Understanding Behavioral Finance and the Psychology of Investing (Record no. 2329)
[ view plain ]
| 000 -LEADER | |
|---|---|
| fixed length control field | 01633cam a22001934a 4500 |
| 005 - ΗΜΕΡΟΜΗΝΙΑ ΚΑΙ ΩΡΑ ΤΕΛΕΥΤΑΙΑΣ ΕΝΗΜΕΡΩΣΗΣ | |
| Πεδίο ελέγχου | 20250605164038.0 |
| 008 - FIXED-LENGTH DATA ELEMENTS--GENERAL INFORMATION | |
| Πεδίο ελέγχου σταθερού μήκους | 250528s ||||||||||||||||||||||||d |
| 035 ## - SYSTEM CONTROL NUMBER | |
| System control number | 16877 |
| 020 ## - ISBN | |
| ISBN | 195161211 |
| 040 ## - ΠΗΓΗ ΚΑΤΑΛΟΓΟΓΡΑΦΗΣΗΣ | |
| Φορέας πρωτότυπης καταλογογράφησης | MC Athens Campus Library |
| Γλώσσα καταλογογράφησης | Ελληνικά, Μοντέρνα (1453-) |
| Modifying agency | MC Athens Campus Library |
| Κανόνες περιγραφικής καταλογογράφησης | AACR2 |
| 245 1# - ΤΙΤΛΟΣ ΚΑΙ ΔΗΛΩΣΗ ΥΠΕΥΘΥΝΟΤΗΤΑΣ | |
| Τίτλος | Beyond Greed and Fear / Understanding Behavioral Finance and the Psychology of Investing |
| 260 ## - PUBLICATION, DISTRIBUTION, ETC. | |
| Name of publisher, distributor, etc. | Oxford University Press, |
| Date of publication, distribution, etc. | 2002 |
| 300 ## - PHYSICAL DESCRIPTION | |
| Extent | 376 |
| 520 ## - SUMMARY, ETC. | |
| Summary, etc. | This book awakens us all to how little we know about financial markets, and how much we have to discover. Preface, What is Behavioral Finance?, Introduction, Heuristic-Driven Bias: The First Theme, Frame Dependence: The Second Theme, Inefficient Markets: The Third Theme, Prediction, Trying to Predict the Market, Sentimental Journey: The Illusion of Validity, Picking Stocks to Beat the Market, Biased Reactions to Earning Announcements, Individual Investors, ''Get-Evenitis'': Riding Losers Too Long, Portfolios and Pyramids and Emotions and Biases, Retirement Saving: Myopia and Self-Control, Institutional Investors, Open-Ended Mutual Funds: Misframing and ''Hot Hands'' and Obfuscation Games, Closed-End Funds: What Drives Discounts?, Fixed Income Securities: The Full Measure of Behavioral Phenomena, The Money Management Industry: Framing Effects and Style ''Diversification'' and Regret, The Interface between Corporate Finance and Investment, Corporate Takeovers and the Winner's Curse, Optimism in Analysts' Earnings Predictions and Stock Recommendations, Options and Futures and Foreign Exchange. |
| 700 1# - ΠΡΟΣΘΕΤΗ ΑΝΑΓΡΑΦΗ--ΦΥΣΙΚΟ ΠΡΟΣΩΠΟ | |
| Personal name | Shefrin Hersh |
| 9 (RLIN) | 2967 |
| 942 ## - ADDED ENTRY ELEMENTS (KOHA) | |
| Koha item type | Books |
| Τύπος τεκμηρίου | Βιβλιοθήκη | Τρέχουσα τοποθεσία | Barcode | Αριθμός εισαγωγής | Ημερομηνία απόκτησης | Ταξιθετικό σύμβολο | Αριθμός αντιτύπου | Κατάσταση απόσυρσης | Κατάσταση χαμένου | Κατάσταση κατεστραμμένου | Μη δανεισμός | Σύνολο δανεισμών | Ημερομηνία τελευταίας εμφάνισης | Η τιμή ισχύει από |
|---|---|---|---|---|---|---|---|---|---|---|---|---|---|---|
| Books | MC Athens Campus Library | MC Athens Campus Library | 9780000023285 | 5525 | 05/06/2025 | 332.6/01/9 SHE | 1 | 05/06/2025 | 05/06/2025 |